The noble scholar, jurist, historian


 His Excellency Dr. Abdul Wahhab bin Ibrahim Abu Sulaiman, may Allah have mercy on him.


 He was born in Umm Al-Qura in the year 1356 AH.

مغامرات النفط العربي / (Record no. 8082)

MARC details
000 -LEADER
fixed length control field 01320cam a22003491i 4500
003 - CONTROL NUMBER IDENTIFIER
control field SA-RiAUC
005 - DATE AND TIME OF LATEST TRANSACTION
control field 20250519085231.0
008 - FIXED-LENGTH DATA ELEMENTS--GENERAL INFORMATION
fixed length control field 250516s2001 su a g 000 0 ara c
020 ## - INTERNATIONAL STANDARD BOOK NUMBER
International Standard Book Number 9960207528
020 ## - INTERNATIONAL STANDARD BOOK NUMBER
International Standard Book Number 9960207528
020 ## - INTERNATIONAL STANDARD BOOK NUMBER
International Standard Book Number 96020952287
040 ## - CATALOGING SOURCE
Original cataloging agency JO-AmJU
Language of cataloging ara
Transcribing agency SA-RiAUC
Description conventions rda
041 1# - LANGUAGE CODE
Language code of text/sound track or separate title ara
Language code of original eng
050 14 - LIBRARY OF CONGRESS CALL NUMBER
Item number A73 2001
082 04 - DEWEY DECIMAL CLASSIFICATION NUMBER
Classification number 338.27282
Assigning agency SA-RiAUC
090 ## - LOCALLY ASSIGNED LC-TYPE CALL NUMBER (OCLC); LOCAL CALL NUMBER (RLIN)
Classification number (OCLC) (R) ; Classification number, CALL (RLIN) (NR) 338.27282
Local cutter number (OCLC) ; Book number/undivided call number, CALL (RLIN) ف ي ل
100 1# - MAIN ENTRY--PERSONAL NAME
Personal name فيلبي، هاري سانت جون،
Dates associated with a name 1885-1960
Relator term مؤلف.
240 10 - UNIFORM TITLE
Uniform title Arab ianoil Ventares.
Language of a work Arabic
245 10 - TITLE STATEMENT
Title مغامرات النفط العربي /
Statement of responsibility, etc. هاري سانت جون فليبي ؛ ترجمة عوض الباري.
250 ## - EDITION STATEMENT
Edition statement الطبعة الأولى.
264 #1 - PRODUCTION, PUBLICATION, DISTRIBUTION, MANUFACTURE, AND COPYRIGHT NOTICE
Place of production, publication, distribution, manufacture الرياض :
Name of producer, publisher, distributor, manufacturer مكتبة العبيكان،
Date of production, publication, distribution, manufacture, or copyright notice 2001
300 ## - PHYSICAL DESCRIPTION
Extent 251 صفحة :
Other physical details إيضاحيات ؛
Dimensions 24 سم
336 ## - CONTENT TYPE
Content type term نص
Content type code txt
Source rdacontent
Materials specified كتاب
337 ## - MEDIA TYPE
Media type term بدون وسيط
Media type code n
Source rdamedia
338 ## - CARRIER TYPE
Carrier type term مجلد
Carrier type code nc
Source rdacarrier
590 ## - LOCAL NOTE (RLIN)
Local note أسماء.
650 #7 - SUBJECT ADDED ENTRY--TOPICAL TERM
Topical term or geographic name entry element البترول
General subdivision جوانب اقتصادية
Geographic subdivision البلاد العربية
Source of heading or term aucsh
650 #7 - SUBJECT ADDED ENTRY--TOPICAL TERM
Topical term or geographic name entry element البترول
General subdivision تنقيب
Geographic subdivision البلاد العربية
Source of heading or term aucsh
700 1# - ADDED ENTRY--PERSONAL NAME
Personal name الباري، عوض
Relator term مترجم.
942 ## - ADDED ENTRY ELEMENTS (KOHA)
Source of classification or shelving scheme Dewey Decimal Classification
Koha item type Books
Suppress in OPAC No
949 ## - LOCAL PROCESSING INFORMATION (OCLC)
a SA-JeALM
d 250516
u mohamedma123
n 1
Holdings
Withdrawn status Lost status Source of classification or shelving scheme Damaged status Not for loan Home library Current library Date acquired Total checkouts Full call number Barcode Date last seen Price effective from Koha item type
    Dewey Decimal Classification     DR AbdElwahab Library DR AbdElwahab Library 05/19/2025   338.27282 ف ي ل 000013349 05/19/2025 05/19/2025 Books